00494nam a2200157Ia 4500999001700000082001200017100001600029245006900045260002800114300002200142650001800164650001500182650002700197942001200224952010000236 c18759d18759 aTP.0041 aPande, C.G. 0aPsychometric study of cognitive styles and personality variables c1973bNagpur University a216p. + C D - 47 aPSYCHOMETRICS aCOGNITION  aPERSONALITY ASSESSMENT cTH2ddc 00104070aNASSDOCbNASSDOCd2004-10-08l0oTP.0041p7291r2019-04-18 00:00:00w2019-04-18yTH